[Event "III Miedzynarodowy Memorial Ireny Warakomskiej - Open C"]
[Site "Suwalki"]
[Date "2019.08.12"]
[Round "8.21"]
[White "Sivickis, Andrejus "]
[Black "Szewczyk, Malwina"]
[Result "0-1"]
[WhiteTitle ""]
[BlackTitle ""]
[WhiteElo "1206"]
[BlackElo "1330"]

1. e4 e5 2. Nf3 Nc6 3. d4 exd4 4. Bc4 Nf6 5. e5 d5 6. Bb5 Ne4 7. Nxd4 Bd7 8. Nxc6
bxc6 9. Bd3 Qe7 10. Bf4 g5 11. Be3 Qxe5 12. O-O Bd6 13. g3 c5 14. c3 h5 15. f4
Qe7 16. fxg5 Nxg5 17. Re1 Kf8 18. Bf4 Nh3+ 19. Kg2 Nxf4+ 20. gxf4 Rg8+ 21. Kh1
Qh4 22. Rg1 Bg4 23. Be2 Bxe2 24. Qxe2 Rxg1+ 25. Kxg1 Re8 26. Qf2 Re1+ 27. Kg2
Qg4+ 28. Qg3 Bxf4 29. Qxg4 hxg4 30. h3 g3 31. a4 a5 0-1

[Event "III Miedzynarodowy Memorial Ireny Warakomskiej - Open C"]
[Site "Suwalki"]
[Date "2019.08.12"]
[Round "8.22"]
[White "Pieczulis, Hubert"]
[Black "Niedorys, Karolina "]
[Result "1/2-1/2"]
[WhiteTitle ""]
[BlackTitle ""]
[WhiteElo "1224"]
[BlackElo "1329"]

1. Nf3 Nf6 2. d4 d5 3. Bg5 e6 4. e3 c5 5. c3 Nc6 6. Bd3 c4 7. Bc2 Bd6 8. Nbd2 O-O
9. e4 Be7 10. e5 Nd7 11. Bxe7 Qxe7 12. O-O b5 13. Bb1 b4 14. Qc2 g6 15. h4 a5
16. h5 a4 17. hxg6 hxg6 18. a3 b3 19. Qc1 Kg7 20. g3 Rh8 21. Kg2 Bb7 22. Rh1 Rxh1
23. Qxh1 Rh8 24. Qf1 1/2-1/2

[Event "III Miedzynarodowy Memorial Ireny Warakomskiej - Open C"]
[Site "Suwalki"]
[Date "2019.08.12"]
[Round "8.24"]
[White "Sprzeczka, Emilia"]
[Black "Borowik, Karol "]
[Result "0-1"]
[WhiteTitle ""]
[BlackTitle ""]
[WhiteElo "1276"]
[BlackElo "1183"]

1. e4 c5 2. Nf3 d6 3. d4 cxd4 4. Nxd4 Nf6 5. Nc3 a6 6. Bc4 e6 7. O-O Be7 8. f4
Nbd7 9. Nf3 Qc7 10. Bd3 O-O 11. h3 b5 12. a3 Bb7 13. Qe2 Nc5 14. e5 Nd5 15. exd6
Bxd6 16. Bxh7+ Kh8 17. Ng5 g6 18. Nxd5 Bxd5 19. b3 e5 20. Bb2 Ne6 21. Qg4 Nxg5
22. Qxg5 Kxh7 23. Qh4+ Kg8 24. fxe5 Bxe5 25. Bxe5 Qxe5 26. Rae1 Qc3 27. Rf5 Rfe8
28. Ref1 0-1

[Event "III Miedzynarodowy Memorial Ireny Warakomskiej - Open C"]
[Site "Suwalki"]
[Date "2019.08.12"]
[Round "8.25"]
[White "Dunda, Szymon"]
[Black "Walendykiewicz, Martyna"]
[Result "1/2-1/2"]
[WhiteTitle ""]
[BlackTitle ""]
[WhiteElo "1106"]
[BlackElo "1253"]

1. e4 e5 2. Nf3 Nf6 3. d3 Nc6 4. Nc3 d6 5. g3 Bg4 6. Bg2 h6 7. h3 Bh5 8. O-O Bxf3
9. Bxf3 Qd7 10. Bg2 Be7 11. Be3 O-O 12. f4 exf4 13. Bxf4 Bd8 14. Qd2 Kh7 15. Rae1
Nh5 16. Ne2 Nxf4 17. Nxf4 Bg5 18. Qc3 Bxf4 19. Rxf4 Ne5 20. d4 Ng6 21. Rf2 c6
22. Ref1 Qe6 23. a3 f6 24. Kh2 Rfe8 25. Qb4 Qd7 26. Qc3 Qe6 27. Qd3 Qf7 28. h4
Kh8 29. Re2 Re7 30. Rf3 Rae8 31. Qb3 Qxb3 32. Rxb3 b6 33. Rd2 Rc7 34. Rc3 Ree7
35. Kh3 Red7 36. Kg4 Kg8 37. Rf3 c5 38. h5 cxd4 39. Rxd4 Ne5+ 1/2-1/2

[Event "III Miedzynarodowy Memorial Ireny Warakomskiej - Open C"]
[Site "Suwalki"]
[Date "2019.08.12"]
[Round "8.26"]
[White "Gladyszewska, Kinga"]
[Black "Kudraszow, Filip "]
[Result "1/2-1/2"]
[WhiteTitle ""]
[BlackTitle ""]
[WhiteElo "1235"]
[BlackElo "1056"]

1. e4 d5 2. exd5 Nf6 3. Bc4 Nxd5 4. Nf3 Bg4 5. h3 Bh5 6. O-O Nc6 7. d3 e6 8. Bd2
Be7 9. Nc3 Nb6 10. Bb3 Nd4 11. g4 Bg6 12. Bf4 Nxb3 13. axb3 O-O 14. Ne5 Bf6 15.
Nxg6 hxg6 16. Bg3 Qc8 17. Nd5 exd5 1/2-1/2

[Event "III Miedzynarodowy Memorial Ireny Warakomskiej - Open C"]
[Site "Suwalki"]
[Date "2019.08.12"]
[Round "8.27"]
[White "Walkowski, Tobiasz "]
[Black "Chiszko, Wiktoria"]
[Result "0-1"]
[WhiteTitle ""]
[BlackTitle ""]
[WhiteElo "1233"]
[BlackElo "1046"]

1. e4 e5 2. Nf3 Nc6 3. Bb5 Nf6 4. O-O g6 5. Re1 Bg7 6. c3 O-O 7. d3 d6 8. h3 Bd7
9. Be3 a6 10. Ba4 Nh5 11. Nbd2 Nf4 12. Bxf4 exf4 13. Nh2 f5 14. Qb3+ Kh8 15. Qxb7
Ne5 16. Bxd7 Qxd7 17. d4 Nd3 18. Reb1 fxe4 19. Qxe4 Qf5 20. f3 d5 21. Qxf5 Rxf5
22. b3 Re8 23. Ndf1 Re2 24. g4 Rf8 25. Rd1 Nf2 26. Rd2 Nxh3+ 27. Kh1 Rxd2 28.
Nxd2 Ng5 29. Re1 c5 30. dxc5 Bxc3 31. Rd1 Re8 32. Nb1 0-1

[Event "III Miedzynarodowy Memorial Ireny Warakomskiej - Open C"]
[Site "Suwalki"]
[Date "2019.08.12"]
[Round "8.28"]
[White "Iracki, Piotr"]
[Black "Gres, Rafal"]
[Result "1-0"]
[WhiteTitle ""]
[BlackTitle ""]
[WhiteElo "1116"]
[BlackElo "1214"]

1. e4 e5 2. Nf3 Nc6 3. Bc4 Bc5 4. c3 d6 5. d4 Bb6 6. O-O Bd7 7. Re1 Nf6 8. Bg5
h6 9. Bh4 Bg4 10. d5 Ne7 11. Bxf6 gxf6 12. h3 Bd7 13. Qd2 Ng6 14. a4 a5 15. b4
Nf4 16. Kh2 Qc8 17. Bf1 Ke7 18. b5 Rg8 19. Nh4 Qf8 20. Nf5+ Bxf5 21. exf5 Qg7
22. Qxf4 Kd7 23. Qf3 h5 24. Nd2 Qh6 25. Ne4 Rg7 26. Qxh5 Qf4+ 27. g3 Rag8 28.
gxf4 exf4 1-0

[Event "III Miedzynarodowy Memorial Ireny Warakomskiej - Open C"]
[Site "Suwalki"]
[Date "2019.08.12"]
[Round "8.29"]
[White "Walkowska, Wieslawa"]
[Black "Dietrich, Grzegorz "]
[Result "0-1"]
[WhiteTitle ""]
[BlackTitle ""]
[WhiteElo "1072"]
[BlackElo "1203"]

1. e4 c5 2. Nf3 Nc6 3. Bc4 e6 4. d3 a6 5. O-O b5 6. Bb3 Bb7 7. a4 Na5 8. Nbd2 d6
9. Re1 Nf6 10. Nf1 Nxb3 11. cxb3 b4 12. Bg5 Be7 13. e5 Nd5 14. Bxe7 Qxe7 15. d4
O-O 16. dxc5 dxc5 17. Ng3 Rad8 18. Qc2 Nf4 19. Ne4 h6 20. g3 Ng6 21. Rac1 f5 22.
Nxc5 Bxf3 23. Nxa6 Qg5 24. Qc4 Qh5 25. Qxe6+ Kh7 26. h4 Qg4 27. Kh2 Nf4 28. Rc4
Qh3+ 29. Kg1 Qg2# 0-1

[Event "III Miedzynarodowy Memorial Ireny Warakomskiej - Open C"]
[Site "Suwalki"]
[Date "2019.08.12"]
[Round "8.30"]
[White "Sivickis, Kornelia "]
[Black "Stupak, Aleksandra "]
[Result "1-0"]
[WhiteTitle ""]
[BlackTitle ""]
[WhiteElo "1101"]
[BlackElo "1126"]

1. e4 e5 2. Nf3 Nc6 3. d4 exd4 4. Bc4 Bc5 5. c3 dxc3 6. Bxf7+ Kxf7 7. Qd5+ Ke8
8. Qh5+ g6 9. Qxc5 Qe7 10. Qxe7+ Ngxe7 11. Nxc3 Rf8 12. h3 a5 13. Nb5 Kd8 14.
Nbd4 Nxd4 15. Nxd4 d5 16. exd5 Nxd5 17. O-O b5 18. Rd1 Ba6 19. Ne6+ Ke8 20. Nxf8
Kxf8 21. Rxd5 Re8 22. Be3 c6 23. Rd7 a4 24. Rad1 Bb7 25. Rd8 Rxd8 26. Rxd8+ Ke7
27. Rd4 c5 28. Rh4 c4 29. Rxh7+ Kd8 30. Rxb7 Kc8 31. Rxb5 Kc7 32. Rc5+ Kb6 33.
Rxc4+ Ka5 34. Rc5+ Kb6 35. Rg5+ Ka6 36. g4 Kb7 37. Rxg6 1-0

[Event "III Miedzynarodowy Memorial Ireny Warakomskiej - Open C"]
[Site "Suwalki"]
[Date "2019.08.12"]
[Round "8.31"]
[White "Makarec, Anna"]
[Black "Galaszewski, Karol "]
[Result "1-0"]
[WhiteTitle ""]
[BlackTitle ""]
[WhiteElo "1099"]
[BlackElo "1108"]

1. e4 e6 2. d4 d5 3. Nc3 Bb4 4. exd5 exd5 5. Nf3 Qe7+ 6. Be2 Bxc3+ 7. bxc3 Nf6
8. O-O O-O 9. c4 Bg4 10. cxd5 Nxd5 11. Bc4 Nb6 12. Bb3 Nc6 13. c3 Rfe8 14. Bg5
Bxf3 15. Qxf3 Qxg5 16. Bxf7+ Kh8 17. Bxe8 Rxe8 18. Rae1 Rd8 19. Qf7 Nd5 20. Re8+
1-0

[Event "III Miedzynarodowy Memorial Ireny Warakomskiej - Open C"]
[Site "Suwalki"]
[Date "2019.08.12"]
[Round "9.1"]
[White "Szczygiel, Antoni"]
[Black "Czarniecki, Pawel"]
[Result "1-0"]
[WhiteTitle ""]
[BlackTitle ""]
[WhiteElo "1393"]
[BlackElo "1570"]

1. e4 c5 2. Nf3 e6 3. d4 cxd4 4. Nxd4 a6 5. Be2 Nf6 6. Bg5 Be7 7. Bxf6 Bxf6 8.
c3 O-O 9. O-O d6 10. Bf3 Nd7 11. Nd2 Rb8 12. Nc4 Qc7 13. Ne3 b5 14. Rc1 Qb6 15.
Ng4 Bb7 16. Nxf6+ Nxf6 17. Re1 Rbc8 18. Qb3 Rfd8 19. a4 Rc5 20. axb5 axb5 21.
Rcd1 Re8 22. Rd2 g6 23. Rde2 e5 24. Nc2 Ra8 25. Nb4 Bc8 26. h3 Be6 27. Qc2 Ra4
28. Qd2 Bc4 29. Re3 Rc8 30. Nc2 Rca8 31. Nb4 Kg7 32. Be2 Be6 33. Rd1 Ne8 34. Bd3
Nf6 35. Qe2 R4a5 36. Qd2 Ra1 37. Ree1 Rxd1 38. Rxd1 Ne8 39. Qe2 Ra5 40. Bc2 h6
41. Qd2 Ra7 42. Nd5 Bxd5 43. Qxd5 b4 44. c4 b3 45. Bb1 Ra5 46. Qd3 Qb4 47. Qd2
Qa4 48. Bd3 Rc5 49. Be2 Qa2 50. Qc3 Nf6 51. f3 Rc6 52. Rd3 Rb6 53. Bd1 Qa1 54.
Kh2 Nd7 55. Qd2 Qa6 56. Rxb3 Qxc4 57. Rxb6 Nxb6 58. Qxd6 Qd4 59. Qxd4 exd4 60.
Kg3 Nc4 61. b4 Nb2 62. Bb3 Kf6 63. f4 Ke7 64. Kf3 f6 65. Ke2 Kd6 66. Kd2 Kc6 67.
Kc2 Kb5 68. Kxb2 Kxb4 69. Bf7 g5 70. fxg5 hxg5 71. Kc2 Kb5 72. Kd3 Kc5 73. Be8
Kd6 74. Kxd4 Ke6 75. Bg6 g4 76. Bf5+ Kf7 77. Bxg4 Ke7 78. Kd5 Kf7 79. Kd6 Kg6
80. Ke6 Kg5 81. g3 Kg6 82. h4 Kg7 83. Bf5 Kh6 84. Kxf6 Kh5 85. e5 Kh6 86. e6 Kh5
87. e7 Kh6 88. Be6 Kh7 89. e8=Q Kh6 90. Qh8# 1-0

[Event "III Miedzynarodowy Memorial Ireny Warakomskiej - Open C"]
[Site "Suwalki"]
[Date "2019.08.12"]
[Round "9.2"]
[White "Kitewski, Bartosz"]
[Black "Konewko, Konrad"]
[Result "1-0"]
[WhiteTitle ""]
[BlackTitle ""]
[WhiteElo "1479"]
[BlackElo "1544"]

1. d4 Nf6 2. c4 g6 3. Nf3 d5 4. Nc3 Bg7 5. Bf4 O-O 6. e3 c6 7. Qc2 Bf5 8. Qb3 Qb6
9. c5 Qxb3 10. axb3 Nbd7 11. b4 a6 12. h3 Ne4 13. Ne2 h5 14. Nh4 e5 15. Bh2 Be6
16. f3 Ng5 17. dxe5 Kh7 18. Nd4 Rae8 19. Bd3 Nxe5 20. Kd2 Nxd3 21. Kxd3 f5 22.
Rae1 Bc8 23. Bd6 Rf7 24. g3 Ne6 25. f4 Nc7 26. Nhf3 Kg8 27. Be5 Nb5 28. Nxb5 axb5
29. Ra1 Rfe7 30. Kd4 Kf7 31. h4 Bxe5+ 32. Nxe5+ Kf6 33. Ra8 Re6 34. Rha1 Ke7 35.
R1a7 Rf8 36. Rb8 Kf6 37. Raxb7 Ree8 38. Rb6 Be6 39. Nxc6 Rxb8 40. Rxb8 Rf7 41.
Rxb5 Rd7 42. Rb6 Rc7 43. Nd8 Ra7 44. Rxe6+ Kg7 45. c6 Ra1 46. c7 Rd1+ 47. Ke5
d4 48. c8=Q dxe3 49. Qc7+ Kg8 50. Re8# 1-0

[Event "III Miedzynarodowy Memorial Ireny Warakomskiej - Open C"]
[Site "Suwalki"]
[Date "2019.08.12"]
[Round "9.3"]
[White "Zydorczak, Marek "]
[Black "Dietrich, Pawel"]
[Result "0-1"]
[WhiteTitle ""]
[BlackTitle ""]
[WhiteElo "1521"]
[BlackElo "1244"]

1. e4 c5 2. Nf3 d6 3. d4 cxd4 4. Nxd4 Nf6 5. Nc3 g6 6. Bg5 Bg7 7. Qd2 Nc6 8. O-O-O
O-O 9. Bh6 Nxd4 10. Bxg7 Nb3+ 11. axb3 Kxg7 12. h4 h5 13. Be2 Be6 14. Qg5 Qc7
15. Nd5 Bxd5 16. exd5 Qa5 17. Kb1 Rac8 18. g4 Qc5 19. Bd3 Nxg4 20. Rdg1 Qxf2 21.
Qxe7 Qb6 22. Rf1 Rc7 23. Qg5 Qe3 24. Rf6 Qe7 25. Rxf7+ Qxf7 26. Rf1 Qxf1+ 27.
Bxf1 Rxf1+ 28. Ka2 Rf2 29. Qd2 Ne5 30. Qb4 Rcxc2 31. Qxd6 Nd3 32. Qe6 Nxb2 33.
d6 Nc4+ 0-1

[Event "III Miedzynarodowy Memorial Ireny Warakomskiej - Open C"]
[Site "Suwalki"]
[Date "2019.08.12"]
[Round "9.4"]
[White "Stefaniuk, Zbigniew"]
[Black "Arciszewska, Zuzanna "]
[Result "1/2-1/2"]
[WhiteTitle ""]
[BlackTitle ""]
[WhiteElo "1467"]
[BlackElo "1499"]

1. e4 e5 2. Nf3 Nc6 3. Bb5 a6 4. Bxc6 dxc6 5. O-O Bd6 6. d4 exd4 7. Qxd4 f6 8.
Be3 Ne7 9. Nbd2 Be6 10. Rad1 Ng6 11. Nc4 Bxc4 12. Qxc4 Qe7 13. Rfe1 O-O-O 14.
c3 Rhe8 15. Bc1 Ne5 16. Nxe5 Qxe5 17. g3 Qe6 18. Qxe6+ Rxe6 19. f4 Bc5+ 20. Kg2
Red6 21. Rxd6 cxd6 22. Be3 Bxe3 23. Rxe3 Kd7 24. Rd3 Ke6 25. Kf2 d5 26. Re3 Rd6
27. b4 b6 28. f5+ 1/2-1/2

[Event "III Miedzynarodowy Memorial Ireny Warakomskiej - Open C"]
[Site "Suwalki"]
[Date "2019.08.12"]
[Round "9.5"]
[White "Sapinski, Sebastian"]
[Black "Ptaszynski, Szymon "]
[Result "1-0"]
[WhiteTitle ""]
[BlackTitle ""]
[WhiteElo "1495"]
[BlackElo "1484"]

1. e4 c5 2. Nf3 e6 3. d4 cxd4 4. Nxd4 a6 5. c4 Nf6 6. Nc3 d6 7. Be3 Qc7 8. Be2
Nbd7 9. O-O b6 10. f3 Bb7 11. Qd2 Rc8 12. Rac1 Qb8 13. Rfd1 Be7 14. Bf1 O-O 15.
Qf2 Rfe8 16. Na4 Bd8 17. b4 Ba8 18. Nb3 Bc7 19. g3 Bc6 20. Nc3 Bb7 21. Na4 Bc6
22. Nc3 Bb7 23. Na4 Ba8 24. c5 b5 25. Nb6 Bxb6 26. cxb6 d5 27. exd5 Nxd5 28. Nc5
Nxc5 29. bxc5 Bc6 30. Rd2 Qb7 31. Be2 Kf8 32. Rb2 Red8 33. Bd2 Ra8 34. Qf1 Qd7
35. a4 Ne7 36. Bf4 f6 37. Bd6 Kf7 38. Bxe7 Kxe7 39. Bxb5 Bxb5 40. Rxb5 Qc6 41.
Ra5 Rd7 42. Qe2 Rb8 43. Rd1 Rdd8 44. Rxd8 Kxd8 1-0

[Event "III Miedzynarodowy Memorial Ireny Warakomskiej - Open C"]
[Site "Suwalki"]
[Date "2019.08.12"]
[Round "9.6"]
[White "Oborska, Magda "]
[Black "Tomicki, Marek "]
[Result "0-1"]
[WhiteTitle ""]
[BlackTitle ""]
[WhiteElo "1422"]
[BlackElo "1471"]

1. e4 c5 2. Nf3 d6 3. d4 cxd4 4. Nxd4 Nf6 5. Nc3 a6 6. g3 b5 7. a3 Bb7 8. Bg2 Qc7
9. O-O e6 10. Re1 Be7 11. Qd3 O-O 12. b4 Nbd7 13. f4 Nb6 14. a4 Rac8 15. Ra3 d5
16. e5 Bxb4 17. exf6 Bxc3 18. Re3 b4 19. fxg7 Rfe8 20. Ra2 Nc4 21. Re2 Qc5 22.
Kh1 Qxd4 23. Qxd4 Bxd4 24. Bd2 Nxd2 25. Rxd2 Bc3 26. Rd3 a5 27. f5 Ba6 28. Rd1
Bc4 29. Raa1 Bxa1 30. Rxa1 Kxg7 31. fxe6 fxe6 0-1

[Event "III Miedzynarodowy Memorial Ireny Warakomskiej - Open C"]
[Site "Suwalki"]
[Date "2019.08.12"]
[Round "9.7"]
[White "Zmarzly, Wiktor"]
[Black "Fudala, Dominik"]
[Result "1/2-1/2"]
[WhiteTitle ""]
[BlackTitle ""]
[WhiteElo "1285"]
[BlackElo "1470"]

1. d4 Nf6 2. c4 e6 3. Nf3 d5 4. Nc3 c6 5. e3 Nbd7 6. Bd2 Ne4 7. Qc2 f5 8. Bd3 Bd6
9. g3 Ndf6 10. Ng1 Nxd2 11. Qxd2 Ne4 12. Qc2 Bd7 13. f3 Nxc3 14. bxc3 b6 15. Ne2
b5 16. c5 Bc7 17. e4 O-O 18. O-O g5 19. e5 Qe7 20. Kf2 Kh8 21. f4 Be8 22. fxg5
Qxg5 23. Nf4 Qh6 24. h4 Bf7 25. Rg1 Rg8 26. Rg2 Bd8 27. Ke3 Be7 28. Qf2 a5 29.
a3 Rg4 30. Be2 Rgg8 31. Bf3 Rg7 32. Be2 1/2-1/2

[Event "III Miedzynarodowy Memorial Ireny Warakomskiej - Open C"]
[Site "Suwalki"]
[Date "2019.08.12"]
[Round "9.9"]
[White "Wydornik, Robert "]
[Black "Kieca, Aleksandra"]
[Result "0-1"]
[WhiteTitle ""]
[BlackTitle ""]
[WhiteElo "1391"]
[BlackElo "1453"]

1. e4 c5 2. d4 cxd4 3. c3 d3 4. Bxd3 e6 5. Nf3 Qc7 6. Nd4 a6 7. Nd2 Nf6 8. N2f3
d6 9. h3 Be7 10. O-O O-O 11. Re1 Nbd7 12. Qc2 h6 13. a4 b6 14. Be3 Bb7 15. Nh2
d5 16. exd5 Nxd5 17. Bd2 N7f6 18. Nhf3 Bd6 19. Rad1 Rfe8 20. Qc1 Bf4 21. Bxf4
Nxf4 22. Bf1 Be4 23. g3 N4d5 24. Bd3 Bxd3 25. Rxd3 e5 26. c4 Nb4 27. Rb3 Na2 28.
Qb1 exd4 29. Rxe8+ Rxe8 30. Qxa2 Qxc4 31. Ra3 Qe2 32. b4 Qd1+ 33. Kg2 Re2 34.
Qb3 Rxf2+ 35. Kxf2 Ne4+ 36. Kg2 Qe2+ 37. Kh1 Nxg3+ 38. Kg1 Qf1+ 39. Kh2 Qf2# 0-1

[Event "III Miedzynarodowy Memorial Ireny Warakomskiej - Open C"]
[Site "Suwalki"]
[Date "2019.08.12"]
[Round "9.10"]
[White "Wojtacha, Krzysztof"]
[Black "Pieczulis, Hubert"]
[Result "1/2-1/2"]
[WhiteTitle ""]
[BlackTitle ""]
[WhiteElo "1446"]
[BlackElo "1224"]

1. e4 e6 2. d4 d5 3. Bd3 Nf6 4. e5 Nfd7 5. Nf3 c5 6. c3 Nc6 7. O-O Qb6 8. Be2 cxd4
9. cxd4 Be7 10. Nc3 a6 11. Ng5 Qc7 12. Be3 b5 13. Nf3 Nb6 14. Rc1 Nc4 15. Bxc4
bxc4 16. b3 Na5 17. bxc4 Nxc4 18. Nd2 Bd7 19. Nxc4 Qxc4 20. Qg4 g6 21. Qe2 Qxe2
22. Nxe2 Bb5 23. Rfe1 Kd7 24. Nc3 Rac8 25. Nxb5 axb5 26. Rb1 b4 27. Rb2 Rc4 28.
Kf1 Rhc8 29. Ree2 Kc6 30. Ke1 Kb5 31. Kd1 Ka4 32. f3 Rc3 1/2-1/2

[Event "III Miedzynarodowy Memorial Ireny Warakomskiej - Open C"]
[Site "Suwalki"]
[Date "2019.08.12"]
[Round "9.12"]
[White "Pieczulis, Blazej"]
[Black "Werner, Kacper "]
[Result "1/2-1/2"]
[WhiteTitle ""]
[BlackTitle ""]
[WhiteElo "1439"]
[BlackElo "1435"]

1. d4 Nf6 2. Nf3 g6 3. c4 Bg7 4. Nc3 O-O 5. Bg5 b6 6. e3 Bb7 7. Be2 c5 8. d5 d6
9. O-O Nbd7 10. h3 a6 11. a4 Re8 12. Re1 Qc7 13. Qc2 e6 14. e4 e5 15. Nh2 Rf8
16. Rad1 Rae8 17. g4 h6 18. Be3 Bc8 19. Qd2 Kh7 20. h4 Ng8 21. f3 Qd8 22. g5 h5
23. Bd3 Nb8 24. f4 f5 25. Re2 Bd7 26. Rf1 fxe4 27. Bxe4 Bf5 28. Bf3 Nd7 29. Kg2
1/2-1/2

[Event "III Miedzynarodowy Memorial Ireny Warakomskiej - Open C"]
[Site "Suwalki"]
[Date "2019.08.12"]
[Round "9.13"]
[White "Szewczyk, Malwina"]
[Black "Owczarek, Monika "]
[Result "1/2-1/2"]
[WhiteTitle ""]
[BlackTitle ""]
[WhiteElo "1330"]
[BlackElo "1439"]

1. d4 Nf6 2. Nf3 g6 3. e3 Bg7 4. Bd3 c5 5. Nbd2 cxd4 6. exd4 d5 7. O-O O-O 8. b3
Nc6 9. Bb2 Bg4 10. h3 Bxf3 11. Nxf3 Qc7 12. a3 a6 13. Re1 e6 14. Ne5 b5 15. Qf3
Nd7 16. Nxc6 Qxc6 17. c4 bxc4 18. bxc4 Qb6 19. Rab1 dxc4 20. Bxc4 Bxd4 21. Red1
Bxb2 22. Rxd7 Qc5 23. Rxb2 Qxc4 24. Rbb7 e5 25. Qf6 Qc1+ 26. Kh2 Qf4+ 27. Qxf4
exf4 28. Ra7 g5 29. Rxf7 Rxa7 30. Rxa7 Rf6 31. a4 h5 32. Ra8+ Kg7 33. Ra7+ Kg6
1/2-1/2

[Event "III Miedzynarodowy Memorial Ireny Warakomskiej - Open C"]
[Site "Suwalki"]
[Date "2019.08.12"]
[Round "9.14"]
[White "Bednarska, Julita"]
[Black "Hancharevich, Heorhi "]
[Result "1-0"]
[WhiteTitle ""]
[BlackTitle ""]
[WhiteElo "1436"]
[BlackElo "1360"]

1. e4 e5 2. Nf3 Nf6 3. Nc3 Nc6 4. Bc4 Be7 5. d3 d6 6. h3 h6 7. O-O O-O 8. Be3 a6
9. d4 b5 10. Bd3 exd4 11. Nxd4 Ne5 12. Nf3 Nxd3 13. Qxd3 Be6 14. b3 c5 15. Nd5
Nxd5 16. exd5 Bd7 17. Bd2 b4 18. Rfe1 Bb5 19. Qe4 Bf6 20. Rad1 Bd7 21. Qf4 Bb5
22. Qg3 Kh8 23. Bf4 Re8 24. Bxd6 Rxe1+ 25. Rxe1 Rc8 26. Be5 Qxd5 27. Bxf6 gxf6
28. Qf4 Qh5 29. Qxf6+ Kh7 30. Re7 Rf8 31. Re5 Qg6 32. Qh4 Bc6 33. Rg5 Qxc2 34.
Rg3 Bxf3 35. Rxf3 Qxa2 36. Qe7 Qa1+ 37. Kh2 Qg7 38. Rg3 Qh8 39. Qe4+ f5 40. Qe7+
1-0

[Event "III Miedzynarodowy Memorial Ireny Warakomskiej - Open C"]
[Site "Suwalki"]
[Date "2019.08.12"]
[Round "9.15"]
[White "Kaminski, Lukasz "]
[Black "Sivickis, Andrejus "]
[Result "0-1"]
[WhiteTitle ""]
[BlackTitle ""]
[WhiteElo "1425"]
[BlackElo "1206"]

1. e4 c5 2. Nf3 e6 3. d4 cxd4 4. Nxd4 a6 5. a3 Nf6 6. Bg5 Be7 7. Bd3 b5 8. O-O
Bb7 9. Re1 d6 10. Nd2 Nbd7 11. b4 Ne5 12. Bf1 Rc8 13. Rc1 O-O 14. f4 Nc6 15. N2b3
Qb6 16. Kh1 h6 17. Bh4 Rfe8 18. c4 Nxe4 19. Rxe4 Bxh4 20. cxb5 Nxd4 21. Rxc8 Rxc8
22. Rxd4 axb5 23. Rxd6 Qf2 24. Nc5 Bd8 25. Rxd8+ Rxd8 26. Qxd8+ 0-1

[Event "III Miedzynarodowy Memorial Ireny Warakomskiej - Open C"]
[Site "Suwalki"]
[Date "2019.08.12"]
[Round "9.16"]
[White "Cwiek, Stefan"]
[Black "Pojawa, Jakub"]
[Result "1-0"]
[WhiteTitle ""]
[BlackTitle ""]
[WhiteElo "1365"]
[BlackElo "1191"]

1. e4 e6 2. d4 d5 3. exd5 exd5 4. c4 c6 5. Nc3 Be6 6. Qb3 Qb6 7. Qxb6 axb6 8. cxd5
cxd5 9. Bb5+ Nc6 10. Bf4 Bb4 11. Nf3 Nge7 12. O-O O-O 13. Bc7 Bg4 14. Na4 Na7
15. Bd3 b5 1-0

[Event "III Miedzynarodowy Memorial Ireny Warakomskiej - Open C"]
[Site "Suwalki"]
[Date "2019.08.12"]
[Round "9.17"]
[White "Pajak, Radoslaw"]
[Black "Dunda, Szymon"]
[Result "0-1"]
[WhiteTitle ""]
[BlackTitle ""]
[WhiteElo "1343"]
[BlackElo "1106"]

1. e4 c5 2. Nc3 e6 3. Nf3 a6 4. g3 b5 5. d3 Bb7 6. Bg2 d6 7. O-O Nd7 8. b3 Ngf6
9. Bb2 Qc7 10. Re1 Be7 11. Nb1 O-O 12. e5 dxe5 13. Nxe5 Bxg2 14. Kxg2 Nxe5 15.
Bxe5 Qd7 16. Nd2 Rac8 17. Ne4 Nxe4 18. Rxe4 Qc6 19. Kg1 Qd5 20. Qg4 f6 21. Bb2
Rc6 22. Ree1 e5 23. Qh5 Qf7 24. Qf3 Rd6 25. h4 Bd8 26. c4 b4 27. h5 h6 28. Bc1
Kh8 29. Re3 Qd7 30. g4 Rd4 31. Bb2 Rd6 32. Rxe5 Bb6 33. Re7 0-1

[Event "III Miedzynarodowy Memorial Ireny Warakomskiej - Open C"]
[Site "Suwalki"]
[Date "2019.08.12"]
[Round "9.18"]
[White "Gladyszewski, Adam "]
[Black "Chomicki, Kornel "]
[Result "0-1"]
[WhiteTitle ""]
[BlackTitle ""]
[WhiteElo "1216"]
[BlackElo "1334"]

1. Nf3 Nc6 2. g3 Nf6 3. c4 d6 4. Bg2 e5 5. d3 h6 6. Nc3 Be6 7. O-O Qc8 8. Rb1 Be7
9. b4 Nh7 10. b5 Nd8 11. a4 f5 12. a5 f4 13. Qb3 Nf6 14. a6 g5 15. Qa4 Nd7 16.
d4 Nb6 17. axb7 Nxb7 18. Qa6 Nxc4 19. Nd2 Nca5 20. dxe5 dxe5 21. Ra1 Bh3 22. Qg6+
Kf8 23. Ba3 Bxg2 24. Bxe7+ Kxe7 25. Qg7+ Ke6 26. Qg6+ Ke7 27. Kxg2 Qg8 28. Qe4
Rd8 29. Rfd1 Qe6 30. Nf3 Rxd1 31. Rxd1 Nd6 32. Nd5+ Kd7 33. Qxe5 Qxe5 34. Nxe5+
Ke6 35. Nf3 Nxb5 36. Nb4 Nc4 37. Ra1 fxg3 38. hxg3 a5 39. Nc6 Ra8 40. Nfd4+ Nxd4
41. Nxd4+ Ke5 42. Nc6+ Kd5 43. Nb4+ Kd6 44. Kf3 c5 45. Rd1+ Ke6 0-1

[Event "III Miedzynarodowy Memorial Ireny Warakomskiej - Open C"]
[Site "Suwalki"]
[Date "2019.08.12"]
[Round "9.19"]
[White "Niedorys, Karolina "]
[Black "Borowik, Monika"]
[Result "1-0"]
[WhiteTitle ""]
[BlackTitle ""]
[WhiteElo "1329"]
[BlackElo "1216"]

1. e4 c5 2. Nf3 d6 3. d4 cxd4 4. Nxd4 a6 5. Nc3 Nf6 6. Bg5 e6 7. Bd3 Be7 8. O-O
O-O 9. Qf3 Qb6 10. Nb3 Nc6 11. Qg3 Ne5 12. Be2 Re8 13. Kh1 Ng6 14. Rad1 Rd8 15.
h4 Kh8 16. h5 Ne5 17. f4 Ned7 18. e5 Ng8 19. exd6 Bxg5 20. fxg5 f6 21. g6 h6 22.
Qf2 Qxf2 23. Rxf2 Ne5 24. Nc5 b6 25. Nd3 Nc4 26. Nb4 Nxd6 27. Bxa6 Bxa6 28. Nxa6
Rxa6 29. Rfd2 Ne7 30. Rxd6 Rxd6 31. Rxd6 Ra8 32. Rxe6 Nf5 33. Kh2 Nd4 34. Rxb6
Nxc2 35. a4 Nd4 36. a5 Nf5 37. Nd5 Kg8 38. Nc7 Rc8 39. Ne6 Nd4 40. Nxd4 Kf8 41.
Rb7 Ra8 42. Nc6 Ke8 43. Rb8+ Rxb8 44. Nxb8 Kd8 45. a6 Kc8 46. a7 Kb7 47. Nc6 f5
48. Kg3 Ka8 49. Kf4 Kb7 50. Kxf5 Ka8 51. Nd4 Kxa7 52. Ke6 Kb7 53. Kd6 Kc8 54.
Kc6 Kd8 55. Nf5 Kc8 56. b4 Kb8 57. b5 Ka8 58. Kc7 Ka7 59. b6+ Ka6 60. b7 Kb5 61.
b8=Q+ Kc5 62. Qb6+ Kd5 63. Qd4+ Ke6 64. Qe4+ Kf6 65. Nxg7 Kg5 66. Qf5+ Kh4 67.
Qf4# 1-0

[Event "III Miedzynarodowy Memorial Ireny Warakomskiej - Open C"]
[Site "Suwalki"]
[Date "2019.08.12"]
[Round "9.21"]
[White "Kutylo, Konrad "]
[Black "Bartnik, Michal"]
[Result "1-0"]
[WhiteTitle ""]
[BlackTitle ""]
[WhiteElo "1303"]
[BlackElo "1210"]

1. d4 d5 2. c4 e6 3. Nc3 c6 4. e3 Nf6 5. Nf3 Nbd7 6. Bd3 Bd6 7. O-O O-O 8. Qc2
b6 9. e4 dxe4 10. Nxe4 Bc7 11. Bg5 h6 12. Bh4 Bb7 13. Rfe1 a6 14. Ne5 Bxe5 15.
dxe5 g5 16. Nxg5 Nxe5 1-0

[Event "III Miedzynarodowy Memorial Ireny Warakomskiej - Open C"]
[Site "Suwalki"]
[Date "2019.08.12"]
[Round "9.22"]
[White "Szczotka, Matylda"]
[Black "Zapalowska, Wiktoria "]
[Result "1-0"]
[WhiteTitle ""]
[BlackTitle ""]
[WhiteElo "1298"]
[BlackElo "1103"]

1. e4 c5 2. Nf3 e6 3. d4 cxd4 4. Nxd4 Nc6 5. Nb3 Qc7 6. Bd3 Nf6 7. O-O Be7 8. Nc3
O-O 9. Bd2 a6 10. f4 d5 11. exd5 exd5 12. Qf3 Bg4 13. Qg3 Rad8 14. h3 Be6 15.
Qf3 d4 16. Ne4 Bd5 17. Nxf6+ Bxf6 18. Qh5 g6 19. Qg4 b5 20. f5 Bc4 21. Bh6 Bg7
22. Bxg7 Kxg7 23. Rad1 Bxd3 24. Rxd3 Qb6 25. Qf4 h6 26. Kh1 Rfe8 27. fxg6 fxg6
28. Qf7+ Kh8 29. Qxg6 Re7 30. Qxh6+ Rh7 31. Rf8+ Rxf8 32. Qxf8# 1-0